000 00954nas a2200289 4500
001 BR8706575
003 BR-BrBNA
005 20231205090857.0
007 ta
008 230509b bl.|||p| |||| 00| 00por d
040 _aBR-BrBNA
_bpor
_cBiblioteca Nacional de Agricultura
041 _a(Pt)
072 _aL73
100 1 _aStehling, R.N.
100 1 _aVargas, O.L.
100 1 _aSantos, E.C. dos
100 1 _aDuarte, R.M.
245 1 _aEstudo da evolucao da mamite caprina induzida por enterotoxina estafilococica e estreptococica
246 1 _aStudy on goat mastitis evolution induced by staphyloccocal and streptoccocal enterotoxins
650 _aCAPRINO
650 _aMAMITE
650 _aESTAFILOCOCO
650 _aLEITE
773 0 _tArquivo Brasileiro de Medicina Veterinaria e Zootecnia (Brazil)
_xISSN 0102-0935
_g(Oct 1986), v. 38(5) p. 701-717
_wBR8706575
909 _a202311
_bLúcia
_c55
_dLúcia Elande
942 _2AGRIS
_n0
_cANA
999 _c121393
_d121393